Blue and Yellow Flags - Statistics

General Stats
  • This quiz has been taken 16 times
  • The average score is 6 of 9
Answer Stats
Picture Hint Answer % Correct
Country Sweden
100%
Country Ukraine
100%
Country Kazakhstan
88%
International Organization European Union
81%
U.S. state Alaska
75%
Country Palau
75%
U.S state Indiana
63%
City in Spain Asturias
6%
City in Poland Opole
0%
No matching quizzes found
Score Distribution
Percent of People with Each Score
Percentile by Number Answered
Your Score History
You have not taken this quiz